000 00690nam a2200229 i 4500
001 44456
003 ES-MaACL
005 20250829132030.0
007 t|
008 030321s1962 sp ||||1| spa d
100 1 _aClément, Marcel.
_939184
245 1 3 _aLa alegría de amar /
_cMarcel Clément ; traducción de A.A. Allende.
260 _aMadrid :
_bStvdivm,
_c[1962]
300 _a172 p. ;
_c19 cm.
490 1 _aColección "Hagar y Pedagogia" ;
_v35
650 0 7 _aMatrimonio
_2embne
_914855
650 7 _aAmor
_2embne
_99754
700 1 _aAllende, A. A.
_920008
830 0 0 _aHogar y pedagogía
_v35
_9181444
852 _aES-MaACL
_jC-21422
999 _c44456
_d44456